Statistics for Albums of 1970

Click here to take the quiz!

General Stats

  • This quiz has been taken 36 times
    (20 since last reset)
  • The average score is 17 of 27

Answer Stats

album artist % Correct
Get Yer Ya Ya's OutRolling Stones
100%
Lrt It BeThe Beatles
100%
Layla and Other Assorted Love SongsDerek and the Dominoes
94%
After The Gold RushNeil Young
94%
The Man Who Sold The WorldDavid Bowie
94%
MoondanceVan Morrison
88%
Sweet Baby JamesJames Taylor
81%
Morrison HotelThe Doors
81%
Bridge Over Troubled WatersSimon & Garfunkel
75%
ParanoidBlack Sabbath
75%
Tea For The TillermanCat Stevens
69%
Tumbleweed ConnectionElton John
69%
AbraxasSantana
69%
Live At LeedsThe Who
69%
Bitches BrewMiles Davis
56%
Cosmo's FactoryCreedence Clearwater Revival
50%
John Barleycorn Must DieTraffic
50%
Deja VuCrosby Stills Nash and Young
50%
Mad Dogs And EnglishmanJoe Cocker
50%
Atom Heart MotherPink Floyd
44%
A Question Of BalanceMoody Blues
38%
American BeautyGrateful Dead
38%
Band Of GypsiesJimi Hendrix
31%
BenefitJethro Tull
31%
Cricklewood GreenTen Years After
25%
Closer To HomeGrand Funk Railroad
19%
Ladies Of The CanyonJoni Mitchell
19%

Score Distribution

Percentile by Number Answered

Percent of People with Each Score

Your Score History

You have not taken this quiz since the last reset